|
|
|
|
| LEADER |
00000nta a2200000 i 4500 |
| 001 |
dolg38203 |
| 005 |
20211220104853.0 |
| 008 |
211220suuuu hu o 000 hun d |
| 040 |
|
|
|a BGE Dolgozattár Repozitórium
|b hun
|
| 041 |
|
|
|a hu
|
| 100 |
1 |
|
|a Kónya Bernadett Zsuzsanna
|
| 245 |
1 |
0 |
|a Próbavásárlás-Gyorséttermi lánc
|c Kónya Bernadett Zsuzsanna
|h [elektronikus dokumentum]
|
| 516 |
|
|
|a Students_Scientific_Association_paper
|
| 700 |
1 |
|
|a Zarándné Dr. Vámosi Kornélia Erzsébet
|e ths
|
| 700 |
1 |
|
|a Baranyák Tamás
|e aut
|
| 856 |
4 |
0 |
|u http://dolgozattar.uni-bge.hu/38203/1/Pr%C3%B3bav%C3%A1s%C3%A1rl%C3%A1s.pdf
|z Dokumentum-elérés
|